00374 2200145 4500245004100000250001000041100001600051005001900067260001800086041001400104084001000118300002200128500006900150336000900219 aArigato Macaroni!cErfan FajarhText aCet.1 aErfan Fajar a20250131084834 aJakartac2015 aIndonesia a741.5 a117 hlm. :c22 cm aSebuah cerita yang dibuat dengan baik hati dan penuh pengertian. atext